Bedřich Smetana /

Uložené v:
Podrobná bibliografia
Hlavný autor: Malý, Miloslav, 1922-1999 (Author)
Médium: Kniha
Jazyk:Czech
Vydané: Praha : Orbis, 1956.
Témy:
ISBN: (brož.)
Fyzický popis: 67 s.
Tagy: Pridať tag
Žiadne tagy, Buďte prvý kto otaguje tento záznam!

MARC

LEADER 00000nam a22000001 4500
001 000439607
005 20131014202918.0
008 981209s1956 xr cze d
020 |a (brož.) 
040 |a SVKKK  |b slo  |c SVKKK  |e AACR2 
041 0 |a cze 
100 1 |a Malý, Miloslav,  |d 1922-1999  |4 aut 
245 1 0 |a Bedřich Smetana /  |c Miloslav Malý. 
260 |a Praha :  |b Orbis,  |c 1956. 
300 |a 67 s. 
500 |a Zoznam skladieb Bedřicha Smetanu 
600 1 7 |a Smetana, Bedřich  |d 1824-1884  |2 SVKKKMA 
910 |a svkkk 
998 |a BK 
090 |g SCKHL  |k Sklad Pribinova prízemie  |a I.7573  |j 126766  |i 2720379078  |s Prezenčne 
090 |g SCKHL  |k Sklad Pribinova prízemie  |a I.9119  |j 133180  |i 2720386365  |s Prezenčne